LEADER 01454nam0 2200325 i 450 001 SUN0133005 005 20210414093608.884 010 $d0.00 017 70$2N$a978-3-319-07073-5 100 $a20210401d2014 |0engc50 ba 101 $aeng 102 $aCH 105 $a|||| ||||| 200 1 $a*Electroweak Symmetry Breaking$eby Dynamically Generated Masses of Quarks and Leptons$eDoctoral Thesis accepted by Charles University in Prague, Czech Republic$fAdam Smetana 205 $aCham : Springer, 2014 210 $axviii$d172 p.$cill. ; 24 cm 215 $aPubblicazione in formato elettronico 410 1$1001SUN0104193$12001 $a*Springer theses$erecognizing outstanding Ph.D. research$1210 $aBerlin$aHeidelberg$cSpringer. 606 $a81-XX$xQuantum theory [MSC 2020]$2MF$3SUNC019967 606 $a81V22$xUnified quantum theories [MSC 2020]$2MF$3SUNC035603 606 $a81V15$xWeak interaction in quantum theory [MSC 2020]$2MF$3SUNC036101 620 $aCH$dCham$3SUNL001889 700 1$aSmetana$b, Adam$3SUNV106808$0791849 712 $aSpringer$3SUNV000178$4650 801 $aIT$bSOL$c20210426$gRICA 856 4 $uhttp://doi.org/10.1007/978-3-319-07073-5 912 $aSUN0133005 950 $aUFFICIO DI BIBLIOTECA DEL DIPARTIMENTO DI MATEMATICA E FISICA$d08CONS e-book 2095 $e08eMF2095 20210401 996 $aElectroweak Symmetry Breaking$91770498 997 $aUNICAMPANIA LEADER 02124nam 2200577Ia 450 001 9910449971703321 005 20200520144314.0 010 $a1-282-08324-4 010 $a9786612083242 010 $a0-309-54868-3 035 $a(CKB)1000000000030456 035 $a(SSID)ssj0000276988 035 $a(PQKBManifestationID)11217990 035 $a(PQKBTitleCode)TC0000276988 035 $a(PQKBWorkID)10226746 035 $a(PQKB)10368109 035 $a(MiAaPQ)EBC3377974 035 $a(Au-PeEL)EBL3377974 035 $a(CaPaEBR)ebr10085538 035 $a(OCoLC)923274658 035 $a(EXLCZ)991000000000030456 100 $a20060308d2005 ua 0 101 0 $aeng 135 $aurcn||||||||| 181 $ctxt 182 $cc 183 $acr 200 00$aAre chemical journals too expensive and inaccessible?$b[electronic resource] $ea workshop summary to the Chemical Sciences Roundtable /$fNed D. Heindel, Tina M. Masciangioli, and Eva von Schaper, editors 210 $aWashington, DC $cNational Academies Press$dc2005 215 $axi, 37 p. $cill 300 $a"This study was supported by Research Corporation under Grant GG0066, the U.S. Department of Energy under Grant DE-AT01-04ER15535, the National Institutes of Health under Grant N01-OD-4-2139 (Task Order 25), and the National Science Foundation under Grant CHE-0328197." 311 $a0-309-09590-5 606 $aChemical literature 606 $aCommunication in chemistry 606 $aScience publishing 608 $aElectronic books. 615 0$aChemical literature. 615 0$aCommunication in chemistry. 615 0$aScience publishing. 676 $a540.72 701 $aHeindel$b Ned D$0909310 701 $aMasciangioli$b Tina M$g(Tina Marie),$f1969-$0894592 701 $aSchaper$b Eva von$0909311 712 02$aNational Research Council (U.S.).$bChemical Sciences Roundtable. 801 0$bMiAaPQ 801 1$bMiAaPQ 801 2$bMiAaPQ 906 $aBOOK 912 $a9910449971703321 996 $aAre chemical journals too expensive and inaccessible$92034156 997 $aUNINA